Water and wastewater technology (Record no. 31171)

MARC details
000 -LEADER
fixed length control field 00485nam a2200181Ia 4500
008 - FIXED-LENGTH DATA ELEMENTS--GENERAL INFORMATION
fixed length control field 230917s9999||||xx |||||||||||||| ||und||
020 ## - ISBN
Price RS659
040 ## - CATALOGING SOURCE
-- 255553
Original cataloging agency VIVEKANANDA LIBRARY
041 ## - Language
-- English
082 ## - DDC NUMBER
Classification number 546.22 H183W(7)
100 ## - MAIN ENTRY--PERSONAL NAME
Personal name Hammer, Mark J, Sr.
245 #0 - TITLE STATEMENT
Title Water and wastewater technology
250 ## - EDITION STATEMENT
Edition statement 7th ed.
260 ## - PUBLICATION, DISTRIBUTION, ETC. (IMPRINT)
Place of publication, distribution, etc Noida
Name of publisher, distributor, etc Pearson India Education
Date of publication, distribution, etc 2019
300 ## - PHYSICAL DESCRIPTION
Pages 462 p.
500 ## - GENERAL NOTE
General note 3462 08/05/2019 RBP19/75799 24/05/2019 Main Budget
942 ## - ADDED ENTRY ELEMENTS (KOHA)
Koha item type Books
Holdings
Withdrawn status Lost status Damaged status Not for loan Location (home branch) Sublocation or collection (holding branch) Date acquired Koha issues (times borrowed) Koha full call number Accession No. Koha date last seen Koha item type
        VIVEKANANDA LIBRARY VIVEKANANDA LIBRARY 25/06/2019   546.22 H183W(7) 383365 17/09/2023 Books
© Designed and Maintained by Vivekananda Library, MDU Rohtak